Personálna stratégia podniku diplomová práca

Enregistré dans:
Détails bibliographiques
Auteur principal: Knežová, Michaela
Collectivité auteur: Podnikovohospodárska fakulta EU so sídlom v Košiciach. Katedra manažmentu
Autres auteurs: Mihalčová, Bohuslava, 1963-
Format: Livre
Langue:slovaque
Publié: Košice 2012
Tags: Ajouter un tag
Pas de tags, Soyez le premier à ajouter un tag!

MARC

LEADER 00000nbm a2200000 4500
001 0153085
005 20161109102046.9
041 0 |a slo 
044 |a SK 
245 1 0 |a Personálna stratégia podniku  |b diplomová práca  |c Michaela Knežová ; školiteľ: Bohuslava Mihalčová 
264 1 |a Košice  |c 2012 
300 |a 80 s. 
100 1 |a Knežová, Michaela 
700 1 |a Mihalčová, Bohuslava, 1963- 
710 2 |a Podnikovohospodárska fakulta EU so sídlom v Košiciach. Katedra manažmentu